000 00688nam a2200265Ia 4500
003 OSt
005 20221007103747.0
006 a|||||r|||| 00| 0
007 ta
008 221006b |||||||| |||| 00| 0 eng d
020 _a8171180450
024 _a13,970
037 _cTextual
040 _aLCO
_cLCO
_beng
041 _2eng
_aeng
082 _aZ2,98:3qN08, N2
100 _aMulla D.F.
_9346075
245 0 _aIndian Registration Act
250 _a9th
260 _aBombay
_bN.M.Tripathi Private Ltd. India
_c1992
300 _a422
650 _aREGISTRATION ACT
_9682525
942 _hZ2,98:3qN08, N2
_cTEXL
999 _c1183533
_d1183533